Statistics for Kuroko's Basketball Characters

Click here to take the quiz!

General Stats

  • This quiz has been taken 54 times
  • The average score is 14 of 38

Answer Stats

HintAnswer% Correct
Deuteragonist
Member of Seirin
Power Forward
Kagami Taiga
98%
Main Character
Member of Seirin
Former member of Teiko
Phantom Sixth Man
Kuroko Tetsuya
98%
Member of Touou (Too)
Member of The Generation of Miracles
Power Forward
Aomine Daiki
81%
Member of Kaijo
Member of The Generation of Miracles
Small Forward
Kise Ryota
81%
Captain of Rakuzan
Captain of The Generation of Miracles
Point Guard
Akashi Seijuro
79%
Member of Shutoku
Member of The Generation of Miracles
Shooting Guard
Midorima Shintaro
76%
Captain of Seirin
Shooting Guard
Hyuga Junpei
62%
Member of Yosen
Member of The Generation of Miracles
Center
Murasakibara Atsushi
60%
Member of Seirin
Member of The Uncrowned Kings
Center
Kiyoshi Teppei
52%
Coach of SeirinAida Riko
43%
Manager of Touou (Too)
Former Manager of Teiko
Momoi Satsuki
43%
Member of Shutoku
Point Guard
Takao Kazunari
40%
Vice-Captain of Seirin
Point Guard
Izuki Shun
38%
Captain of Kaijo
Point Guard
Kasamatsu Yukio
36%
Captain of Jabberwock
Point Guard
Nash Gold Jr
36%
Member of Yosen
Friend of the deuteragonist
Shooting Guard
Himuro Tatsuya
31%
Captain of Touou (Too)
Point Guard
Imayoshi Shoichi
31%
Member of Jabberwock
Center
Jason Silver
31%
Former WNBA Player
Teacher of the deuteragonist & his friend
Alexandra Garcia
29%
Coach & Captain of Kirisaki Daiichi
Member of The Uncrowned Kings
Point Guard
Hanamiya Makoto
29%
Member of Seirin
Power Forward/Center
Mitobe Rinnosuke
29%
Vice-Captain of Rakuzan
Member of The Uncrowned Kings
Shooting Guard
Mibuchi Reo
26%
Member of Touou (Too)
Shooting Guard
Sakurai Ryo
26%
Member of Fukuda Sogo
Former Member of Teiko
Small Forward
Haizaki Shogo
24%
Member of Rakuzan
Member of The Uncrowned Kings
Center
Nebuya Eikichi
24%
Member of Rakuzan
Member of The Uncrowned Kings
Small Forward
Hayama Kotaro
21%
Member of Seirin (Bench)
Small Forward
Koganei Shinji
21%
Member of Rakuzan
Phantom Player of Rakuzan
Mayuzumi Chihiro
21%
Member of Touou (Too)
Center
Wakamatsu Kosuke
21%
Captain of Shutoku
Center
Otsubo Taisuke
19%
Member of Shinkyo
Senegalese
Center
Papa Mbaye Siki
19%
Coach of Team Vorpal SwordsAida Kagetora
14%
Captain of Yosen
Power Forward
Okamura Kenichi
14%
Coach of Touou (Too)Harasawa Katsunori
12%
Member of Kirisaki Daiichi
Center
Seto Kentaro
12%
Coach of YosenAraki Masako
10%
Coach of ShutokuNakatani Masaaki
10%
Coach of KaijoTakeuchi Genta
10%

Score Distribution

Percentile by Number Answered

Percent of People with Each Score

Your Score History

You have not taken this quiz